[Event "Charity Event for Memory Ukrainian Ches"]
[Site "Lviv"]
[Date "2024.03.15"]
[Round "7.3"]
[White "Mosesov, Danyil"]
[Black "Dehtiarov, Roman"]
[Result "1-0"]
[WhiteElo "2230"]
[BlackElo "2270"]
[PlyCount "85"]
[EventDate "2024.03.15"]
[EventType "swiss (rapid)"]
[EventRounds "8"]
[EventCountry "UKR"]

1. Nf3 d5 2. c4 e6 3. g3 Nf6 4. Bg2 Be7 5. O-O O-O 6. b3 b6 7. Bb2 Bb7 8. e3 c5
9. Nc3 Nc6 10. cxd5 Nxd5 11. Nxd5 exd5 12. d4 Bf6 13. Qd2 Rc8 14. dxc5 Bxb2 15.
Qxb2 bxc5 16. Rfd1 Ne7 17. Ne5 Qd6 18. Rac1 Rfd8 19. h4 Ba8 20. Nd3 h6 21. Qa3
c4 22. Qxd6 Rxd6 23. Nf4 cxb3 24. axb3 Rb8 25. Rc7 Rb7 26. Rdc1 Rd7 27. Rc8+
Nxc8 28. Rxc8+ Kh7 29. Rxa8 Rxb3 30. Bxd5 Rb4 31. e4 g6 32. Kg2 h5 33. Nd3 Rd4
34. Ne5 Rc7 35. Bxf7 Kg7 36. Bd5 Rd2 37. Nc6 Rc2 38. Nxa7 R7c3 39. Nb5 Rd3 40.
Ra7+ Kh8 41. Nd6 Rdd2 42. Nf7+ Kg8 43. Ne5+ 1-0

[Event "Charity Event for Memory Ukrainian Ches"]
[Site "Lviv"]
[Date "2024.03.15"]
[Round "7.4"]
[White "Gerasimenyk, Mikhail"]
[Black "Kravtsiv, Martyn"]
[Result "0-1"]
[WhiteElo "2051"]
[BlackElo "2674"]
[PlyCount "48"]
[EventDate "2024.03.15"]
[EventType "swiss (rapid)"]
[EventRounds "8"]
[EventCountry "UKR"]

1. d4 Nf6 2. Nf3 e6 3. Bg5 d5 4. e3 h6 5. Bf4 c5 6. c3 Nc6 7. Nbd2 Bd6 8. g3
O-O 9. Bd3 Qe7 10. Ne5 Qc7 11. Ndf3 b6 12. g4 Ne4 13. g5 hxg5 14. Bxe4 dxe4 15.
Nxg5 f6 16. h4 fxe5 17. Rg1 Rf6 18. Nxe4 Rf5 19. dxe5 Bxe5 20. Bxe5 Nxe5 21.
Rg3 Bb7 22. Ng5 Rd8 23. Qh5 Nd3+ 24. Kf1 Rxf2+ 0-1

[Event "Charity Event for Memory Ukrainian Ches"]
[Site "Lviv"]
[Date "2024.03.15"]
[Round "7.5"]
[White "Grinev, Valeriy"]
[Black "Guivan, Vasily"]
[Result "1/2-1/2"]
[WhiteElo "2332"]
[BlackElo "2044"]
[PlyCount "85"]
[EventDate "2024.03.15"]
[EventType "swiss (rapid)"]
[EventRounds "8"]
[EventCountry "UKR"]

1. d4 Nf6 2. Nf3 c5 3. d5 d6 4. Nc3 g6 5. e4 Bg7 6. Be2 Bg4 7. Nd2 Bxe2 8. Qxe2
Nbd7 9. O-O O-O 10. Nc4 Ne8 11. Bg5 Bf6 12. Bh6 Bg7 13. Bxg7 Kxg7 14. e5 dxe5
15. Nxe5 Nxe5 16. Qxe5+ f6 17. Qe3 Nd6 18. Qxc5 b6 19. Qe3 Rc8 20. Rfe1 Rf7 21.
Qd3 Qc7 22. Re2 Nc4 23. Nb5 Qd7 24. Nd4 Nxb2 25. Ne6+ Kg8 26. Qd4 Nc4 27. h4
Nd6 28. h5 Qb5 29. Rae1 Rc4 30. Qd2 Qb4 31. hxg6 hxg6 32. Qh6 Rg4 33. c3 Qc4
34. g3 Nf5 35. Qd2 Rh7 36. Nd4 Qxd5 37. Nf3 Qxf3 38. Qd8+ Kg7 39. Rxe7+ Nxe7
40. Rxe7+ Kh6 41. Qf8+ Kg5 42. Rxh7 Rxg3+ 43. fxg3 1/2-1/2

[Event "Charity Event for Memory Ukrainian Ches"]
[Site "Lviv"]
[Date "2024.03.15"]
[Round "7.7"]
[White "Hnatyshyn, Anastasiya"]
[Black "Bykovskiy, Oleg"]
[Result "1-0"]
[WhiteElo "2017"]
[BlackElo "2161"]
[PlyCount "77"]
[EventDate "2024.03.15"]
[EventType "swiss (rapid)"]
[EventRounds "8"]
[EventCountry "UKR"]

1. e4 d5 2. exd5 Qxd5 3. d4 Nf6 4. Nc3 Qa5 5. Nf3 Bf5 6. Bc4 e6 7. O-O c6 8.
Bf4 Nbd7 9. Qe2 Be7 10. h3 O-O 11. a3 Nd5 12. Nxd5 cxd5 13. Bd3 Bxd3 14. Qxd3
Rac8 15. Rae1 Bf6 16. c3 b5 17. h4 Rfe8 18. h5 a6 19. g4 h6 20. Kh2 Nf8 21. Rg1
Nh7 22. g5 hxg5 23. Nxg5 Bxg5 24. Bxg5 Qc7+ 25. Kh3 Kh8 26. Qe3 f6 27. Bh4 Qf7
28. Qf3 a5 29. Rg6 b4 30. axb4 axb4 31. Reg1 bxc3 32. h6 e5 33. Rxg7 Qe6+ 34.
Kh2 Re7 35. bxc3 Rxg7 36. Rxg7 Rg8 37. Qg3 exd4 38. cxd4 Re8 39. Rxh7+ 1-0

[Event "Charity Event for Memory Ukrainian Ches"]
[Site "Lviv"]
[Date "2024.03.15"]
[Round "7.9"]
[White "Petursson, Margeir"]
[Black "Andrienko, Artem"]
[Result "1/2-1/2"]
[WhiteElo "2344"]
[BlackElo "2041"]
[PlyCount "101"]
[EventDate "2024.03.15"]
[EventType "swiss (rapid)"]
[EventRounds "8"]
[EventCountry "UKR"]

1. d4 Nf6 2. c4 e6 3. Nc3 Bb4 4. f3 c5 5. d5 b5 6. e4 O-O 7. e5 Ne8 8. f4 d6 9.
Nf3 exd5 10. cxd5 Nc7 11. Be2 dxe5 12. d6 Ne6 13. fxe5 c4 14. O-O Bb7 15. Kh1
Bxc3 16. bxc3 Nd7 17. Rb1 a6 18. a4 Rb8 19. Qe1 Be4 20. Rb2 Ndc5 21. axb5 axb5
22. Qg3 Na4 23. Ng5 Bg6 24. Ra2 Nxc3 25. Qxc3 Nxg5 26. Ra7 Ne4 27. Qe3 c3 28.
Re7 b4 29. Bd3 Qb6 30. Qf3 Qc6 31. h4 h5 32. Re1 Nf2+ 33. Qxf2 Bxd3 34. Qg3 Bf5
35. Bh6 Bg6 36. e6 gxh6 37. Rxf7 Rxf7 38. exf7+ Kh7 39. Re7 Rf8 40. Re6 Bf5 41.
Rxh6+ Kxh6 42. Qg5+ Kh7 43. Qxf5+ Kg7 44. Qe5+ Kxf7 45. Qe7+ Kg8 46. Qg5+ Kh7
47. Qxh5+ Kg7 48. Qg5+ Kf7 49. Qe7+ Kg6 50. Qg5+ Kf7 51. Qe7+ 1/2-1/2

[Event "Charity Event for Memory Ukrainian Ches"]
[Site "Lviv"]
[Date "2024.03.15"]
[Round "7.11"]
[White "Nedilko, Vasily"]
[Black "Shton, Roman"]
[Result "1-0"]
[WhiteElo "2246"]
[BlackElo "2002"]
[PlyCount "85"]
[EventDate "2024.03.15"]
[EventType "swiss (rapid)"]
[EventRounds "8"]
[EventCountry "UKR"]

1. d4 Nf6 2. c4 e6 3. Nf3 d5 4. g3 dxc4 5. Bg2 c6 6. O-O Nbd7 7. a4 Nd5 8. Na3
Bxa3 9. bxa3 b5 10. e4 N5b6 11. a5 Na4 12. e5 Qxa5 13. Ng5 O-O 14. Qh5 h6 15.
Bxc6 Rb8 16. Bxd7 Bxd7 17. Ne4 Nc3 18. Bd2 Ne2+ 19. Qxe2 Qb6 20. Bb4 Rfe8 21.
Bc5 Qc6 22. Nd6 Red8 23. Qe4 Qa6 24. Qf4 Rf8 25. Ne4 Rfc8 26. Rfe1 Bc6 27. Nf6+
gxf6 28. exf6 Kh7 29. Re5 Rg8 30. Rh5 Rg6 31. Qxb8 Bb7 32. Qd6 Qa4 33. Qe7 Qc2
34. Qxf7+ Kh8 35. Qxb7 Rxf6 36. Rf1 Qg6 37. Rh4 Rf7 38. Qb8+ Kh7 39. Bd6 c3 40.
Be5 Qd3 41. Qh8+ Kg6 42. Qxh6+ Kf5 43. Rf4# 1-0

[Event "Charity Event for Memory Ukrainian Ches"]
[Site "Lviv"]
[Date "2024.03.15"]
[Round "7.13"]
[White "Voitychuk, Orest"]
[Black "Mikhaletz, Lubomir"]
[Result "0-1"]
[WhiteElo "1948"]
[BlackElo "2171"]
[PlyCount "56"]
[EventDate "2024.03.15"]
[EventType "swiss (rapid)"]
[EventRounds "8"]
[EventCountry "UKR"]

1. Nf3 d6 2. b3 e5 3. d3 b5 4. Bb2 Bb7 5. Nbd2 g5 6. e4 c5 7. h3 a6 8. g3 h5 9.
Bg2 h4 10. g4 Nc6 11. Nf1 f6 12. Ne3 Nge7 13. Ng1 Nd4 14. c3 Ne6 15. d4 cxd4
16. cxd4 Qb6 17. Ne2 Ng6 18. Nf5 Ngf4 19. Nxf4 Nxf4 20. Bf3 d5 21. exd5 e4 22.
Bxe4 Bb4+ 23. Kf1 O-O-O 24. a3 Bd6 25. Rc1+ Kb8 26. Ne3 Rhe8 27. Bf3 Rxe3 28.
fxe3 Nxd5 0-1

[Event "Charity Event for Memory Ukrainian Ches"]
[Site "Lviv"]
[Date "2024.03.15"]
[Round "7.20"]
[White "Marchyshyn, Vasyl"]
[Black "Sergeev, Vladimir"]
[Result "0-1"]
[WhiteElo "1863"]
[BlackElo "2277"]
[PlyCount "76"]
[EventDate "2024.03.15"]
[EventType "swiss (rapid)"]
[EventRounds "8"]
[EventCountry "UKR"]

1. e4 e6 2. d4 d5 3. exd5 exd5 4. Nf3 Nc6 5. c3 Bd6 6. Bd3 Nge7 7. O-O Bg4 8.
Nbd2 Qd7 9. Re1 O-O-O 10. b4 f6 11. a4 g5 12. a5 Bf5 13. Nb3 Bxd3 14. Qxd3 Nf5
15. b5 Nce7 16. Nc5 Bxc5 17. dxc5 Rhe8 18. c6 bxc6 19. b6 Kb7 20. a6+ Ka8 21.
b7+ Kb8 22. Ba3 Ng6 23. Nd4 Nd6 24. Bxd6 cxd6 25. Qc2 c5 26. Nf5 Re5 27. Ne3 f5
28. Red1 Qe6 29. c4 d4 30. Nd5 Nf4 31. Nxf4 gxf4 32. Qd2 Re4 33. Qa5 Rg8 34.
Re1 f3 35. g3 f4 36. Rxe4 Qh3 37. Qc7+ Kxc7 38. b8=Q+ Rxb8 0-1

[Event "Charity Event for Memory Ukrainian Ches"]
[Site "Lviv"]
[Date "2024.03.15"]
[Round "7.21"]
[White "Semenov, Dmytro"]
[Black "Sokhanskyi, Rostyslav"]
[Result "1-0"]
[WhiteElo "2269"]
[BlackElo "1860"]
[PlyCount "77"]
[EventDate "2024.03.15"]
[EventType "swiss (rapid)"]
[EventRounds "8"]
[EventCountry "UKR"]

1. e4 c6 2. d4 d5 3. e5 c5 4. dxc5 e6 5. a3 Bxc5 6. Qg4 Ne7 7. Qxg7 Ng6 8. Qh6
Qb6 9. Nh3 Nc6 10. Be2 Nd4 11. Qd2 Nxe5 12. b4 Bd6 13. Bb2 Nxe2 14. Qxe2 Qc7
15. f4 Ng6 16. Bxh8 Nxh8 17. O-O Bd7 18. Nd2 O-O-O 19. c4 Kb8 20. Rac1 dxc4 21.
Nxc4 Bb5 22. Qe4 Bc6 23. Qxh7 Ng6 24. Nxd6 Qxd6 25. Rcd1 Qc7 26. Rxd8+ Qxd8 27.
Qxf7 Nh4 28. Qxe6 Bxg2 29. Qe5+ Ka8 30. Ng5 Bxf1 31. Kxf1 Qd1+ 32. Qe1 Qd3+ 33.
Qe2 Qd8 34. Ne6 Qc8 35. Kf2 a6 36. Qe4 Qc3 37. Nc5 Qg7 38. f5 Qg5 39. Qxb7# 1-0

[Event "Charity Event for Memory Ukrainian Ches"]
[Site "Lviv"]
[Date "2024.03.15"]
[Round "7.22"]
[White "Pivnev, Vladyslav"]
[Black "Podolskyi, Mykhailo"]
[Result "0-1"]
[WhiteElo "1856"]
[BlackElo "2244"]
[PlyCount "56"]
[EventDate "2024.03.15"]
[EventType "swiss (rapid)"]
[EventRounds "8"]
[EventCountry "UKR"]

1. c4 c6 2. g3 d5 3. Bg2 Nf6 4. Nf3 dxc4 5. Qc2 b5 6. a4 Bb7 7. Ne5 a6 8. axb5
axb5 9. Rxa8 Bxa8 10. Na3 Qc7 11. f4 e6 12. Nxb5 cxb5 13. Bxa8 Bd6 14. d4 Qa5+
15. Bd2 Qxa8 16. Rf1 Nc6 17. Bc3 O-O 18. f5 exf5 19. Rxf5 Qa1+ 20. Kf2 Nxe5 21.
dxe5 Bc5+ 22. Kg2 Ng4 23. Kh3 Ne3 24. Qe4 Nxf5 25. Qxf5 Qa6 26. g4 Qh6+ 27. Kg2
Qc6+ 28. e4 Qe6 0-1

[Event "Charity Event for Memory Ukrainian Ches"]
[Site "Lviv"]
[Date "2024.03.15"]
[Round "8.1"]
[White "Kislinsky, Alexey"]
[Black "Pavlov, Sergey"]
[Result "1/2-1/2"]
[WhiteElo "2314"]
[BlackElo "2387"]
[PlyCount "38"]
[EventDate "2024.03.15"]
[EventType "swiss (rapid)"]
[EventRounds "8"]
[EventCountry "UKR"]

1. e4 c5 2. b3 g6 3. Bb2 Nf6 4. e5 Nd5 5. Nc3 Nxc3 6. Bxc3 Bg7 7. h4 d5 8. exd6
Bxc3 9. dxc3 exd6 10. Bb5+ Nc6 11. Qe2+ Be6 12. O-O-O Qf6 13. Bxc6+ bxc6 14.
Rxd6 Qxc3 15. Rxe6+ fxe6 16. Qxe6+ Kf8 17. Qd6+ Kg8 18. Qe6+ Kf8 19. Qd6+ Kg8
1/2-1/2

[Event "Charity Event for Memory Ukrainian Ches"]
[Site "Lviv"]
[Date "2024.03.15"]
[Round "8.3"]
[White "Kravtsiv, Martyn"]
[Black "Shevchenko, Yaroslav"]
[Result "1-0"]
[WhiteElo "2674"]
[BlackElo "2006"]
[PlyCount "56"]
[EventDate "2024.03.15"]
[EventType "swiss (rapid)"]
[EventRounds "8"]
[EventCountry "UKR"]

1. e4 c5 2. Nf3 e6 3. d4 cxd4 4. Nxd4 Nc6 5. Nc3 Qc7 6. Be2 a6 7. O-O Nf6 8.
Be3 Be7 9. f4 d6 10. Kh1 O-O 11. Qe1 Rb8 12. Qg3 Nxd4 13. Bxd4 b5 14. e5 Ne8
15. exd6 Bxd6 16. Ne4 f6 17. Bd3 Be7 18. Rae1 Bd7 19. c3 Rd8 20. b4 Bc6 21. Nc5
Bxc5 22. Bxc5 Rf7 23. Rxe6 Bd5 24. Rxa6 Bxg2+ 25. Qxg2 Rxd3 26. Re1 Qd8 27. Ra8
Rd1 28. Rxd8 Rxe1+ 1-0

[Event "Charity Event for Memory Ukrainian Ches"]
[Site "Lviv"]
[Date "2024.03.15"]
[Round "8.5"]
[White "Grinev, Valeriy"]
[Black "Hnatyshyn, Anastasiya"]
[Result "1-0"]
[WhiteElo "2332"]
[BlackElo "2017"]
[PlyCount "81"]
[EventDate "2024.03.15"]
[EventType "swiss (rapid)"]
[EventRounds "8"]
[EventCountry "UKR"]

1. d4 d5 2. c4 e6 3. Nf3 Nf6 4. g3 dxc4 5. Qa4+ Nbd7 6. Bg2 a6 7. Qxc4 b5 8.
Qc6 Ra7 9. Bf4 Bb7 10. Qc2 c5 11. Nbd2 Ra8 12. O-O Rc8 13. Rac1 c4 14. e4 Be7
15. h4 h6 16. d5 exd5 17. e5 Ne4 18. Nd4 O-O 19. Nxe4 dxe4 20. Rcd1 Re8 21.
Bxe4 Bxe4 22. Qxe4 Nc5 23. Qf3 Nd3 24. Nf5 Bf8 25. b3 Qb6 26. bxc4 bxc4 27. Qe4
Qc6 28. Qe3 Qg6 29. Rxd3 Qxf5 30. Rc3 Bb4 31. Rcc1 c3 32. Qd4 a5 33. a3 Bxa3
34. Rxc3 Bb2 35. Rxc8 Bxd4 36. Rxe8+ Kh7 37. Rd8 Bc3 38. Rc1 Bb4 39. Rcc8 Qb1+
40. Kh2 Qe4 41. h5 1-0

[Event "Charity Event for Memory Ukrainian Ches"]
[Site "Lviv"]
[Date "2024.03.15"]
[Round "8.8"]
[White "Mikhaletz, Lubomir"]
[Black "Pentsko, Stanislav"]
[Result "1-0"]
[WhiteElo "2171"]
[BlackElo "1942"]
[PlyCount "105"]
[EventDate "2024.03.15"]
[EventType "swiss (rapid)"]
[EventRounds "8"]
[EventCountry "UKR"]

1. d4 Nf6 2. Bg5 d5 3. Bxf6 exf6 4. e3 Bd6 5. Ne2 Bf5 6. Nd2 Nd7 7. g3 c6 8. c4
dxc4 9. Nxc4 Bb4+ 10. Nc3 Nb6 11. Nxb6 Qxb6 12. Bg2 Bxc3+ 13. bxc3 Qb2 14. Qc1
Qb5 15. a4 Qc4 16. a5 O-O 17. Qa3 Rfe8 18. Rd1 Be4 19. Bxe4 Rxe4 20. Qb4 Qxb4
21. cxb4 Rd8 22. Kd2 f5 23. h4 h5 24. a6 b6 25. Rc1 Rd6 26. Rc3 Kf8 27. Rhc1
Ree6 28. Rc4 Ke7 29. b5 cxb5 30. Rc7+ Rd7 31. Rb7 Kd8 32. Rb8+ Ke7 33. Rcc8
Red6 34. Rb7 g6 35. Ra8 Ke6 36. Raxa7 Rd8 37. Rxf7 Kd5 38. Kd3 Rc8 39. Rac7 Ra8
40. a7 b4 41. Rfe7 Rdd8 42. Rg7 b3 43. Rc3 b2 44. Rb3 Rg8 45. Rxg8 Rxg8 46.
Rxb2 Kc6 47. Ra2 Ra8 48. Kc4 b5+ 49. Kb4 Kb6 50. f3 Kc6 51. Ra6+ Kb7 52. Kxb5
Kc7 53. Rxg6 1-0

[Event "Charity Event for Memory Ukrainian Ches"]
[Site "Lviv"]
[Date "2024.03.15"]
[Round "8.11"]
[White "Bagiryan, Vigen"]
[Black "Petursson, Margeir"]
[Result "0-1"]
[WhiteElo "2032"]
[BlackElo "2344"]
[PlyCount "108"]
[EventDate "2024.03.15"]
[EventType "swiss (rapid)"]
[EventRounds "8"]
[EventCountry "UKR"]

1. e4 c5 2. Nc3 g6 3. g3 Bg7 4. Bg2 Nc6 5. Nge2 e6 6. d3 Nge7 7. f4 d6 8. Be3
Nd4 9. Bf2 Bd7 10. O-O Bc6 11. Nxd4 cxd4 12. Ne2 e5 13. c3 dxc3 14. bxc3 O-O
15. Rb1 d5 16. fxe5 dxe4 17. d4 Nf5 18. g4 Nh4 19. Be3 Nf3+ 20. Kh1 Qh4 21. h3
Rad8 22. Qc1 f5 23. exf6 Qxf6 24. c4 b6 25. d5 Bd7 26. Nd4 Qh4 27. Bf2 Qf6 28.
Bxf3 exf3 29. Qd2 h5 30. g5 Qf4 31. Qxf4 Rxf4 32. Ne6 Bxe6 33. dxe6 Rxc4 34.
Rbd1 Rxd1 35. Rxd1 Re4 36. Rd3 Rxe6 37. Rxf3 Bf8 38. Kg2 Re2 39. a4 Bc5 40. Kf1
Rxf2+ 41. Rxf2 Bxf2 42. Kxf2 Kf7 43. Ke3 Ke6 44. Kd4 a6 45. Ke4 b5 46. a5 Kd6
47. Kd4 Kc6 48. Ke5 b4 49. Kf6 b3 50. Kxg6 b2 51. Kxh5 b1=Q 52. g6 Qf5+ 53. Kh4
Kb5 54. g7 Qh7+ 0-1

[Event "Charity Event for Memory Ukrainian Ches"]
[Site "Lviv"]
[Date "2024.03.15"]
[Round "8.12"]
[White "Andrienko, Artem"]
[Black "Starozhilov, Leonid"]
[Result "0-1"]
[WhiteElo "2041"]
[BlackElo "2285"]
[PlyCount "61"]
[EventDate "2024.03.15"]
[EventType "swiss (rapid)"]
[EventRounds "8"]
[EventCountry "UKR"]

1. Nf3 g6 2. e4 Bg7 3. h4 h6 4. d3 c5 5. g3 Nc6 6. Bg2 d6 7. O-O Nf6 8. c3 Bg4
9. Nbd2 O-O 10. Re1 Nd7 11. a4 a6 12. Qb3 Rb8 13. Nh2 Be6 14. Qc2 Nde5 15. h5
Ng4 16. Nxg4 Bxg4 17. Bf3 gxh5 18. Qd1 Qd7 19. Nc4 f5 20. Bxg4 hxg4 21. exf5
Qxf5 22. Qe2 h5 23. a5 Rf7 24. Kg2 Rbf8 25. Rf1 d5 26. Ne3 Qd7 27. Nc2 Ne5 28.
d4 Nf3 29. Be3 Qf5 30. Rad1 Qe4 31. Qe1 0-1

[Event "Charity Event for Memory Ukrainian Ches"]
[Site "Lviv"]
[Date "2024.03.15"]
[Round "8.13"]
[White "Sergeev, Vladimir"]
[Black "Pankiv, Maksym"]
[Result "1-0"]
[WhiteElo "2277"]
[BlackElo "2042"]
[PlyCount "91"]
[EventDate "2024.03.15"]
[EventType "swiss (rapid)"]
[EventRounds "8"]
[EventCountry "UKR"]

1. c4 Nf6 2. Nc3 e6 3. Nf3 b6 4. e4 Bb7 5. Bd3 d6 6. O-O Nbd7 7. Re1 e5 8. Bc2
g6 9. d4 Bg7 10. d5 O-O 11. Bg5 h6 12. Bh4 a5 13. Nd2 Nc5 14. f3 Qd7 15. a3 Na6
16. Rb1 Qc8 17. b4 Nb8 18. Nb3 axb4 19. axb4 Nbd7 20. Bf2 Nh5 21. c5 bxc5 22.
bxc5 dxc5 23. Nxc5 Nxc5 24. Bxc5 Rd8 25. Qe2 Ba6 26. Qe3 Nf4 27. g3 Nh3+ 28.
Kh1 h5 29. Ba4 Kh7 30. Qd2 f5 31. Bc6 Rb8 32. Rxb8 Qxb8 33. exf5 gxf5 34. Kg2
Bh6 35. Qc2 Ng5 36. Qxf5+ Kh8 37. Rb1 Qc8 38. Qxc8 Rxc8 39. h4 Nf7 40. Ne4 Bd3
41. Rb7 Ra8 42. Rxc7 Ra2+ 43. Nf2 Kg7 44. Be8 Be3 45. Rxf7+ Kg8 46. Bxe3 1-0

[Event "Charity Event for Memory Ukrainian Ches"]
[Site "Lviv"]
[Date "2024.03.15"]
[Round "8.14"]
[White "Dehtiarov, Roman"]
[Black "Terletsky, Oleg A"]
[Result "1-0"]
[WhiteElo "2270"]
[BlackElo "1939"]
[PlyCount "81"]
[EventDate "2024.03.15"]
[EventType "swiss (rapid)"]
[EventRounds "8"]
[EventCountry "UKR"]

1. e4 d5 2. exd5 Qxd5 3. Nc3 Qd6 4. Nf3 Bg4 5. Be2 Nc6 6. h3 Bf5 7. O-O e5 8.
d4 O-O-O 9. Nb5 Qe7 10. d5 a6 11. Na3 Nf6 12. c4 h6 13. Be3 e4 14. Nd4 Nxd4 15.
Qxd4 b6 16. Qc3 Qb4 17. Qe5 Bg6 18. Nc2 Qd6 19. Qc3 Nd7 20. b4 c5 21. dxc6 Qxc6
22. b5 Qc7 23. bxa6 Bc5 24. Nb4 Qe5 25. Qxe5 Nxe5 26. Nd5 Rd6 27. Rab1 Nd7 28.
Rb5 Bxe3 29. fxe3 Kb8 30. Bg4 f5 31. Bxf5 Ka7 32. Bxg6 Rxg6 33. Rf7 Rd8 34. Nb4
Ka8 35. Rd5 Rf8 36. Rdxd7 Rxf7 37. Rxf7 h5 38. Nd5 Rc6 39. Nc7+ Kb8 40. Nb5 Rc8
41. Rb7+ 1-0

[Event "Charity Event for Memory Ukrainian Ches"]
[Site "Lviv"]
[Date "2024.03.15"]
[Round "8.15"]
[White "Vinogradnik, Vladimir"]
[Black "Semenov, Dmytro"]
[Result "1-0"]
[WhiteElo "1972"]
[BlackElo "2269"]
[PlyCount "91"]
[EventDate "2024.03.15"]
[EventType "swiss (rapid)"]
[EventRounds "8"]
[EventCountry "UKR"]

1. e4 e5 2. Nf3 Nc6 3. Bb5 a6 4. Ba4 Nf6 5. O-O b5 6. Bb3 Be7 7. Re1 O-O 8. d4
d6 9. c3 Bg4 10. d5 Na5 11. Bc2 c6 12. b4 Nc4 13. dxc6 Qc7 14. h3 Be6 15. Ng5
Qxc6 16. Nxe6 fxe6 17. Nd2 Bd8 18. Bb3 Bb6 19. Qe2 Nh5 20. Nf3 Nf4 21. Bxf4
Rxf4 22. Bxc4 bxc4 23. a4 Raf8 24. Rad1 Bc7 25. Rd2 h6 26. Rb2 g5 27. b5 axb5
28. axb5 Qc5 29. Qe3 Qa3 30. Reb1 Ba5 31. b6 Rb8 32. b7 Bc7 33. Rb4 Qa6 34. Qe2
d5 35. exd5 exd5 36. Qd2 Qd6 37. Rb5 d4 38. Nxe5 Re4 39. cxd4 Rxd4 40. Qe2 Re8
41. Qh5 Rf8 42. b8=Q Bxb8 43. Rxb8 Qxe5 44. Qg6+ Qg7 45. Rxf8+ Kxf8 46. Rb8+
1-0

[Event "Charity Event for Memory Ukrainian Ches"]
[Site "Lviv"]
[Date "2024.03.15"]
[Round "8.16"]
[White "Podolskyi, Mykhailo"]
[Black "Zakordonets, Olexandr"]
[Result "1-0"]
[WhiteElo "2244"]
[BlackElo "1985"]
[PlyCount "73"]
[EventDate "2024.03.15"]
[EventType "swiss (rapid)"]
[EventRounds "8"]
[EventCountry "UKR"]

1. d4 Nf6 2. c4 c5 3. d5 b5 4. cxb5 a6 5. Nc3 axb5 6. e4 b4 7. Nb5 d6 8. a4 g6
9. Bd3 Bg7 10. Qc2 Nbd7 11. Nf3 O-O 12. O-O Ng4 13. Nd2 Ba6 14. Be2 Ngf6 15.
Rb1 Nb6 16. b3 e6 17. dxe6 fxe6 18. Bb2 Qe7 19. e5 dxe5 20. Bxe5 Bxb5 21. Bxb5
Nfd5 22. Bxg7 Kxg7 23. Ne4 Rac8 24. Rbc1 Rf4 25. Rfe1 Rxe4 26. Qxe4 Nc3 27.
Qxe6 Qxe6 28. Rxe6 Nbd5 29. Bc4 Nf4 30. Re7+ Kf6 31. Rf7+ Kg5 32. Re1 Nh5 33.
a5 Rd8 34. a6 Rd2 35. g3 Ra2 36. h4+ Kh6 37. Ree7 1-0

[Event "Charity Event for Memory Ukrainian Ches"]
[Site "Lviv"]
[Date "2024.03.15"]
[Round "8.18"]
[White "Bykovskiy, Oleg"]
[Black "Tarleva, Vira"]
[Result "0-1"]
[WhiteElo "2161"]
[BlackElo "1917"]
[PlyCount "68"]
[EventDate "2024.03.15"]
[EventType "swiss (rapid)"]
[EventRounds "8"]
[EventCountry "UKR"]

1. e4 c5 2. Nf3 d6 3. d4 cxd4 4. Nxd4 Nf6 5. Nc3 Nc6 6. Bg5 e6 7. Qd2 a6 8.
O-O-O Bd7 9. Kb1 b5 10. Nxc6 Bxc6 11. Qe3 Be7 12. f4 Qc7 13. Bxf6 gxf6 14. f5
b4 15. Ne2 e5 16. Ng3 Rc8 17. Bxa6 Ra8 18. Bc4 Ba4 19. Bb3 Bc6 20. Qd3 O-O 21.
Nh5 Kh8 22. Qe3 Ba4 23. Qh6 Rg8 24. Nxf6 Rg7 25. Nd5 Qa7 26. Bc4 Bxc2+ 27. Kxc2
Rxg2+ 28. Rd2 Bg5 29. Rxg2 Bxh6 30. Rhg1 Qd4 31. Nf6 Qxc4+ 32. Kb1 Qxa2+ 33.
Kc2 Rc8+ 34. Kd3 Qc4# 0-1